Звичайний вигляд Перегляд у МАРК

Входження „Personal Name“

Кількість записів, які використовуються: 1

001 - CONTROL NUMBER

  • control field: 25126

003 - CONTROL NUMBER IDENTIFIER

  • control field: UA-OsUOA

005 - DATE AND TIME OF LATEST TRANSACTION

  • control field: 20260429125235.0

008 - FIXED-LENGTH DATA ELEMENTS

  • fixed length control field: 260429|| aca||aabn | a|a d

040 ## - CATALOGING SOURCE

  • Original cataloging agency: UA-OsUOA
  • Transcribing agency: UA-OsUOA

100 ## - HEADING--PERSONAL NAME

  • Personal name: Картер Браун ; пер. с английского И. М. Аджер, А. Н. Романова ; состав. Терешкина Н. Ф

670 ## - SOURCE DATA FOUND

  • Source citation: Work cat.: (UA-OsUOA)580615: Картер Браун ; пер. с английского И. М. Аджер, А. Н. Романова ; состав. Терешкина Н. Ф., Жертва. Романы, 1992